000 00700nam a2200241Ia 4500
003 OSt
005 20220925204912.0
006 a|||||r|||| 00| 0
007 ta
008 220923b |||||||| |||| 00| 0 eng d
037 _cGeneral Book
040 _aRTL
_cRTL
_beng
041 _2eng
_aeng
082 _aY:3(P:4), L3
100 _aDoroszewski Witold
_9269232
245 0 _aElements of lexicology and semiotics.
260 _aHague
_bMouton
_c1973
300 _a314p
_ccm.
490 _aApproaches to semiotics. Ed by Thomas A Sebeok.46
650 _aSociology of Language
_9231513
942 _hY:3(P:4), L3
_cGB
_2CC
999 _c550731
_d550731